Statystyki dla Quiz o Malcie

Kliknij tutaj aby rozwiązać quiz!

Ogólne statystyki

  • Ten quiz został rozwiązany 1 252 razy
    (1 250 od ostatniego zresetowania)
  • Średni wynik to 10 z 16

Statystyki odpowiedzi

WskazówkaOdpowiedź% Poprawnych
StolicaValletta
96%
Morze na którym leży MaltaMorze {Śródziemne}
95%
Państwa geograficznie najbliższe MalcieWłochy
91%
Języki oficjalneangielski
87%
Nazwa największej wyspy, obejmującej 78% powierzchni MaltyMalta
86%
Waluta MaltyEuro
85%
Państwo, od którego Malta uzyskała niepodległość w 1964Wielka Brytania
83%
Języki oficjalnemaltański
80%
Obiekt przedstawiony na fladzeKrzyż
77%
Państwa geograficznie najbliższe MalcieTunezja
72%
Malta jest 6 na świecie pod względem _____ ze
wszystkich państw, tuż przed Bangladeszem
Gęstości zaludnienia
35%
Druga największa wyspaGozo
34%
Wojna, w której heroiczny opór
Malty przyniósł całemu państwowi Krzyż Jerzego
II Wojna Światowa
22%
Grupa ludzi wypędzonych z Malty w 1249 rokuMuzułmanie
15%
Zakon wojskowy, który rządził wyspami w latach 1530–1798Szpitalnicy
11%
Najbardziej zaludniona gminaSaint Paul's Bay
9%

Rozkład punktacji

Percentyl według liczby udzielonych odpowiedzi

Procent ludzi z każdym wynikiem

Twoja historia wyników

Nie rozwiązałeś tego quizu od ostatniego zresetowania